[Event "Aut_2. Bundesliga Ost 2005/06"]
[Site "Wr. Neustadt"]
[Date "2006.02.25"]
[Round "8.5"]
[White "Chulis, Alexander"]
[Black "Lovrinovic, Christian"]
[Result "1/2-1/2"]
[WhiteElo "2157"]
[BlackElo "2184"]
[PlyCount "151"]
[EventDate "2005.10.08"]

1. b3 d5 2. Bb2 c5 3. e3 e6 4. Nf3 Nf6 5. Be2 Bd6 6. O-O Nc6 7. d4 cxd4 8. exd4
Qc7 9. c4 O-O 10. Nc3 a6 11. Rc1 Bf4 12. Rb1 Rd8 13. g3 Bh6 14. c5 b5 15. Re1
Ne4 16. Bf1 f5 17. Ne2 Ra7 18. Nc1 g5 19. Nd3 g4 20. Nfe5 Nxe5 21. Nxe5 Bg7 22.
Rc1 Bxe5 23. dxe5 Qc6 24. Bg2 Ng5 25. Qd2 Rg7 26. Qa5 Rf8 27. Qb6 Bb7 28. a4
bxa4 29. bxa4 Rc8 30. Bd4 Qxa4 31. Be3 Qc6 32. Ra1 h6 33. Reb1 Qd7 34. Qd6 Rc6
35. Qb8+ Rc8 36. Qa7 Rc7 37. Qb8+ Rc8 38. Qa7 Qc7 39. Ra2 Ra8 40. Qb6 Re7 41.
Rab2 Bc6 42. Ra2 a5 43. Kf1 a4 44. Ke1 Kf7 45. Bd4 Ra7 46. Kd2 Rb7 47. Qxc7
Rexc7 48. Rb6 Ke7 49. Kc3 Kd7 50. Rab2 Kc8 51. Bf1 Kd7 52. Bg2 Nf7 53. Kb4 h5
54. Ka3 Ra7 55. h3 Nd8 56. hxg4 hxg4 57. Rb1 Nf7 58. Rh1 Ra8 59. Rh7 Ke7 60.
Bf1 Rh8 61. Rxh8 Nxh8 62. Bd3 Nf7 63. Bc2 Nd8 64. Be3 Kd7 65. Ra6 Nb7 66. Kb4
Rc8 67. Bxa4 Bxa4 68. Rxa4 Nd8 69. Ra7+ Rc7 70. Ra6 Nc6+ 71. Kb5 Rb7+ 72. Rb6
Kc7 73. Bd2 Rb8 74. Bc3 Rb7 75. Bd2 Rb8 76. Bc3 1/2-1/2

[Event "Aut_2. Bundesliga Ost 2005/06"]
[Site "Wr. Neustadt"]
[Date "2006.02.25"]
[Round "8.6"]
[White "Froeschl, Felix"]
[Black "Hagara, Eduard"]
[Result "0-1"]
[WhiteElo "2218"]
[BlackElo "2376"]
[PlyCount "62"]
[EventDate "2005.10.08"]

1. d4 Nf6 2. c4 g6 3. Nc3 d5 4. Nf3 Bg7 5. Bg5 Ne4 6. cxd5 Nxg5 7. Nxg5 e6 8.
Nf3 exd5 9. b4 O-O 10. Rc1 c6 11. e3 a6 12. Be2 Qd6 13. Qb3 Nd7 14. Na4 b5 15.
Nc5 Nb6 16. O-O Re8 17. Rfd1 Ra7 18. Ne1 Rae7 19. Rc3 h5 20. Nc2 h4 21. Qa3 Qf6
22. Qc1 Bh6 23. Ra3 Nc4 24. Bxc4 bxc4 25. Nxa6 h3 26. Nc5 hxg2 27. Ra8 Qh4 28.
Re1 f5 29. Qd1 Qh3 30. Ra3 Rh7 31. e4 Be3 0-1

[Event "Aut_2. Bundesliga Ost 2005/06"]
[Site "Wr. Neustadt"]
[Date "2006.02.25"]
[Round "8.6"]
[White "Kreindl, Helmut"]
[Black "Ranits, Franz"]
[Result "1/2-1/2"]
[WhiteElo "2233"]
[BlackElo "2260"]
[PlyCount "42"]
[EventDate "2005.10.08"]

1. d4 g6 2. Bf4 d6 3. e3 Bg7 4. Nf3 Nf6 5. h3 O-O 6. Be2 Nbd7 7. O-O Re8 8. Bh2
e5 9. c4 Qe7 10. Nc3 exd4 11. Nxd4 Ne5 12. Nd5 Qd8 13. Nb5 Nxd5 14. cxd5 a6 15.
Nd4 c5 16. dxc6 Nxc6 17. Nxc6 bxc6 18. Bxd6 Bxb2 19. Rb1 Bf6 20. Bf3 Bf5 21.
Rc1 Rc8 1/2-1/2

[Event "Aut_2. Bundesliga Ost 2005/06"]
[Site "Wr. Neustadt"]
[Date "2006.02.25"]
[Round "8.6"]
[White "Stranz, Richard"]
[Black "Ponjican, Erich"]
[Result "1-0"]
[WhiteElo "2234"]
[BlackElo "2128"]
[PlyCount "97"]
[EventDate "2005.10.08"]

1. e4 Nf6 2. Nc3 d5 3. e5 Nfd7 4. f4 e6 5. d4 c5 6. Nf3 Nc6 7. Be3 Be7 8. Qd2
a6 9. dxc5 Nxc5 10. g3 b5 11. a3 Bb7 12. Bg2 Na5 13. Qf2 Nd7 14. Ne2 Nc4 15.
Bd4 Rc8 16. O-O Nc5 17. Nc1 Ne4 18. Qe2 O-O 19. Nd3 Qc7 20. c3 a5 21. Rfd1 Ra8
22. Qe1 Bc6 23. h4 h6 24. Kh2 Rfb8 25. Bh3 Bd7 26. Qe2 Qc6 27. Bg2 Qb7 28. Ng1
b4 29. axb4 axb4 30. cxb4 Rc8 31. Rxa8 Qxa8 32. b3 Ncd2 33. Rxd2 Nxd2 34. Qxd2
Qa3 35. Bc5 Qxb3 36. Ne2 Bd8 37. Nd4 Qb1 38. f5 Ra8 39. fxe6 fxe6 40. Nf4 Ra2
41. Qd3 Qb2 42. Qf3 Bc7 43. Ndxe6 Bxe5 44. Qxd5 Bxe6 45. Nxe6 Bf6 46. Kh3 Kh8
47. Qc6 Qe2 48. Qe8+ Kh7 49. Be4+ 1-0

[Event "Aut_2. Bundesliga Ost 2005/06"]
[Site "Wr. Neustadt"]
[Date "2006.02.26"]
[Round "9.1"]
[White "Alvir, Aco"]
[Black "Froeschl, Felix"]
[Result "1-0"]
[WhiteElo "2393"]
[BlackElo "2218"]
[PlyCount "79"]
[EventDate "2005.10.08"]

1. e4 c5 2. Nf3 d6 3. d4 cxd4 4. Nxd4 Nf6 5. Nc3 Nc6 6. Bc4 e6 7. Be3 Be7 8.
Rg1 O-O 9. g4 Qa5 10. Nb3 Qc7 11. g5 Nd7 12. h4 Re8 13. h5 Nf8 14. Nb5 Qb8 15.
g6 hxg6 16. hxg6 fxg6 17. N5d4 Ne5 18. Bb5 Rd8 19. Qe2 a6 20. Bd3 Bd7 21. f4
Nxd3+ 22. cxd3 d5 23. e5 b5 24. Nd2 Rc8 25. N2f3 a5 26. Qh2 a4 27. f5 exf5 28.
Bg5 Bb4+ 29. Bd2 Bxd2+ 30. Kxd2 a3 31. b3 Qc7 32. Ng5 Qc3+ 33. Ke3 Re8 34. Rac1
Qb4 35. Rh1 Rxe5+ 36. Kf3 Re3+ 37. Kxe3 Qe7+ 38. Kf2 Qxg5 39. Nf3 Qh5 40. Qd6
1-0

[Event "Aut_2. Bundesliga Ost 2005/06"]
[Site "Wr. Neustadt"]
[Date "2006.02.26"]
[Round "9.1"]
[White "Wallner, Alfred"]
[Black "Lipka, Juraj"]
[Result "1/2-1/2"]
[WhiteElo "2246"]
[BlackElo "2395"]
[PlyCount "56"]
[EventDate "2005.10.08"]

1. e4 e5 2. Nf3 Nc6 3. Bb5 Nf6 4. O-O Nxe4 5. d4 Nd6 6. Bxc6 dxc6 7. dxe5 Nf5
8. Qxd8+ Kxd8 9. Nc3 Ne7 10. h3 h6 11. g4 Ng6 12. a3 h5 13. Bg5+ Be7 14. Rad1+
Ke8 15. Bxe7 Kxe7 16. Rd4 Be6 17. Kg2 hxg4 18. hxg4 c5 19. Re4 Rad8 20. Rh1
Rxh1 21. Kxh1 b5 22. Kh2 c6 23. Kg3 a5 24. Re1 c4 25. Ne4 Bd5 26. Ned2 c5 27.
Ng5 b4 28. f4 Rb8 1/2-1/2

[Event "Aut_2. Bundesliga Ost 2005/06"]
[Site "Wr. Neustadt"]
[Date "2006.02.26"]
[Round "9.1"]
[White "Smolen, Jan"]
[Black "Kreindl, Helmut"]
[Result "1-0"]
[WhiteElo "2324"]
[BlackElo "2233"]
[PlyCount "149"]
[EventDate "2005.10.08"]

1. d4 d5 2. c4 e6 3. Nc3 Nf6 4. cxd5 exd5 5. Bg5 Be7 6. e3 c6 7. Bd3 Ne4 8. Bf4
f5 9. Nge2 O-O 10. f3 Nd6 11. Qc2 a5 12. g4 Bg5 13. O-O-O Na6 14. a3 Nc4 15.
Bxc4 dxc4 16. gxf5 Bxf5 17. Ne4 Bxf4 18. Nxf4 b5 19. Rhg1 Qe7 20. Nh5 g6 21.
Nhg3 Nc7 22. Nxf5 Rxf5 23. Nd2 Raf8 24. Rde1 Rg5 25. Rg3 Nd5 26. Qe4 Rxg3 27.
Qxe7 Nxe7 28. hxg3 h5 29. Kc2 Nf5 30. Ne4 Kg7 31. Kd2 Re8 32. Ra1 a4 33. Re1
Ne7 34. Ng5 Kf6 35. Ne4+ Kg7 36. Nf2 Rf8 37. f4 g5 38. Nh3 g4 39. Ng5 Rh8 40.
e4 h4 41. gxh4 Rxh4 42. Rg1 Kf6 43. Ke3 Ng6 44. Rg2 Nxf4 45. Kxf4 g3+ 46. Ke3
Kxg5 47. Rxg3+ Kf6 48. e5+ Kf7 49. Rf3+ Ke7 50. Rf6 Rh3+ 51. Ke4 Rh4+ 52. Ke3
Rh3+ 53. Kd2 Kd7 54. Kc2 Re3 55. Rf7+ Ke6 56. Rc7 Kd5 57. Rd7+ Ke4 58. Rd6 c5
59. dxc5 Kxe5 60. Rd8 Rh3 61. c6 Rh7 62. Rd7 Rh6 63. c7 Rc6 64. Kc3 Ke6 65. Rh7
Kd5 66. Kb4 c3 67. bxc3 Rc4+ 68. Kxb5 Rxc3 69. Kb6 Kd6 70. Kb7 Rb3+ 71. Ka7 Rc3
72. Kb8 Rb3+ 73. Kc8 Rxa3 74. Kd8 Rc3 75. Rd7+ 1-0

[Event "Aut_2. Bundesliga Ost 2005/06"]
[Site "Wr. Neustadt"]
[Date "2006.02.26"]
[Round "9.1"]
[White "Ponjican, Erich"]
[Black "Kuthan, Andreas"]
[Result "1/2-1/2"]
[WhiteElo "2128"]
[BlackElo "2220"]
[PlyCount "24"]
[EventDate "2005.10.08"]

1. e4 e6 2. d4 d5 3. Nd2 c5 4. exd5 Qxd5 5. Ngf3 cxd4 6. Bc4 Qd6 7. O-O Nf6 8.
Nb3 Nc6 9. Nbxd4 Nxd4 10. Qxd4 Bd7 11. Be3 Qxd4 12. Bxd4 Rc8 1/2-1/2

[Event "Aut_2. Bundesliga Ost 2005/06"]
[Site "Wr. Neustadt"]
[Date "2006.02.26"]
[Round "9.1"]
[White "Bauer, Manfred"]
[Black "Neff, Gregor"]
[Result "0-1"]
[WhiteElo "2002"]
[BlackElo "2104"]
[PlyCount "70"]
[EventDate "2005.10.08"]

1. f4 d5 2. Nf3 g6 3. e3 Bg7 4. d4 Nh6 5. b4 O-O 6. Bd3 Bf5 7. O-O Bxd3 8. Qxd3
Nf5 9. a4 Nd7 10. c3 Nd6 11. Nbd2 Nf6 12. Ne5 Nfe4 13. Nxe4 Nxe4 14. c4 c6 15.
c5 Bxe5 16. fxe5 f6 17. exf6 exf6 18. Bd2 Qd7 19. Rf3 Rae8 20. Be1 g5 21. Bg3
Kg7 22. b5 h5 23. b6 axb6 24. cxb6 Nxg3 25. hxg3 Re4 26. a5 Ra8 27. a6 Rxa6 28.
Rxa6 bxa6 29. Qxa6 Re7 30. Rf1 Rxe3 31. Rb1 Qf5 32. Qa2 Re2 33. Qa7+ Kg6 34.
Rf1 Qc2 35. Rxf6+ Kxf6 0-1

[Event "Aut_2. Bundesliga Ost 2005/06"]
[Site "Wr. Neustadt"]
[Date "2006.02.26"]
[Round "9.2"]
[White "Pachta, Paul"]
[Black "Ranits, Franz"]
[Result "1-0"]
[WhiteElo "2188"]
[BlackElo "2260"]
[PlyCount "60"]
[EventDate "2005.10.08"]

1. d4 Nf6 2. Nf3 g6 3. c4 Bg7 4. g3 d5 5. Bg2 c6 6. b3 O-O 7. O-O Ne4 8. Bb2
Bf5 9. Nbd2 Na6 10. Nh4 Nxd2 11. Qxd2 Be6 12. Rac1 Qd7 13. Rfd1 Bh3 14. Bh1 Nc7
15. Nf3 Ne6 16. Ne5 Qd6 17. Qe3 h5 18. b4 Rac8 19. b5 Bf6 20. Ba3 c5 21. Nxg6
fxg6 22. Bxd5 Kg7 23. dxc5 Qe5 24. Qxe5 Bxe5 25. Bxb7 Rc7 26. c6 Nd4 27. Rd2
Rd8 28. Bb4 Ne6 29. Rxd8 Nxd8 30. Ba5 Rxb7 1-0

[Event "Aut_2. Bundesliga Ost 2005/06"]
[Site "Wr. Neustadt"]
[Date "2006.02.26"]
[Round "9.2"]
[White "Stranz, Richard"]
[Black "Kirschner, Alexander"]
[Result "1-0"]
[WhiteElo "2234"]
[BlackElo "2201"]
[PlyCount "109"]
[EventDate "2005.10.08"]

1. e4 e6 2. d4 d5 3. Nc3 Bb4 4. Nge2 dxe4 5. a3 Be7 6. Nxe4 Nf6 7. N2g3 Nc6 8.
Be3 e5 9. Nxf6+ Bxf6 10. d5 Ne7 11. c4 Nf5 12. Nxf5 Bxf5 13. Be2 O-O 14. O-O
Bg6 15. Qd2 Be7 16. b4 c6 17. Rfd1 cxd5 18. Qxd5 Qc7 19. Qd7 Rfc8 20. c5 Be4
21. Bc4 a6 22. Qg4 Bc6 23. Qf5 Rf8 24. Rd2 g6 25. Qc2 Rad8 26. Qb3 Rxd2 27.
Bxd2 Bf6 28. Bc3 Qc8 29. h3 Qf5 30. Rd1 Bh4 31. Qa2 Qe4 32. Bd5 Qf5 33. Bxc6
bxc6 34. Qe2 Re8 35. Rd6 Rc8 36. g3 Be7 37. Rd1 f6 38. Kg2 Ra8 39. Qc4+ Kg7 40.
Rd3 Ra7 41. g4 Qc8 42. f4 exf4 43. Qxf4 Qe6 44. g5 Qf5 45. Qxf5 gxf5 46. gxf6+
Bxf6 47. Bxf6+ Kxf6 48. Rd6+ Ke5 49. Rxc6 f4 50. Kf2 a5 51. b5 a4 52. Ra6 Rb7
53. b6 Kd5 54. Ra7 Rb8 55. Rc7 1-0

[Event "Aut_2. Bundesliga Ost 2005/06"]
[Site "Wr. Neustadt"]
[Date "2006.02.26"]
[Round "9.2"]
[White "Galavics, Hermann"]
[Black "Niederwieser, Peter"]
[Result "1-0"]
[WhiteElo "2099"]
[BlackElo "2172"]
[PlyCount "79"]
[EventDate "2005.10.08"]

1. d4 d5 2. c4 c6 3. cxd5 cxd5 4. Nc3 Nf6 5. Bf4 Nc6 6. e3 a6 7. Bd3 Bg4 8.
Nge2 e6 9. O-O Be7 10. Rc1 O-O 11. f3 Bh5 12. a3 Rc8 13. b4 b5 14. Bg3 Bg6 15.
Nf4 Bxd3 16. Nxd3 Nd7 17. Nc5 Nb6 18. Nxa6 Nc4 19. Qe2 Qb6 20. Nc5 Rfd8 21. Nb1
Ra8 22. Rc3 Ra7 23. f4 g6 24. Bf2 Rda8 25. Qd3 Qd8 26. Kh1 h5 27. Nxe6 fxe6 28.
Qxg6+ Kf8 29. f5 Bf6 30. Bh4 e5 31. Bxf6 Qd6 32. Bxe5 N6xe5 33. Qxd6+ Nxd6 34.
dxe5 Nc4 35. e6 Ke7 36. h3 Kf6 37. Rf4 Rg7 38. Rd3 Rc8 39. Nc3 Nb6 40. Rf2 1-0

[Event "Aut_2. Bundesliga Ost 2005/06"]
[Site "Wr. Neustadt"]
[Date "2006.02.26"]
[Round "9.3"]
[White "Timoscenko, Gennadij"]
[Black "Tibensky, Robert"]
[Result "1/2-1/2"]
[WhiteElo "2518"]
[BlackElo "2432"]
[PlyCount "82"]
[EventDate "2005.10.08"]

1. d4 g6 2. e4 Bg7 3. c4 d6 4. Nc3 Nd7 5. Nf3 e5 6. Be2 Ne7 7. h4 h6 8. h5 g5
9. d5 f5 10. g4 fxg4 11. Nh2 Nf6 12. Nxg4 Nxg4 13. Bxg4 Bxg4 14. Qxg4 Qd7 15.
f3 Ng8 16. Qxd7+ Kxd7 17. Nd1 c6 18. Ne3 Nf6 19. Ke2 Bf8 20. Bd2 Be7 21. Ng4
Nxg4 22. fxg4 Rhf8 23. Rhf1 Rxf1 24. Rxf1 Rf8 25. dxc6+ bxc6 26. Rxf8 Bxf8 27.
b4 c5 28. a3 Be7 29. Kd3 Kc6 30. Kc2 Bd8 31. Kb3 Kb7 32. Ka4 Kc6 33. Be3 Bb6
34. Bc1 Bd8 35. Bb2 Bc7 36. Bc3 a6 37. Bd2 Bd8 38. Be3 Be7 39. Bc1 Bd8 40. Bd2
Bc7 41. b5+ Kb7 1/2-1/2

[Event "Aut_2. Bundesliga Ost 2005/06"]
[Site "Wr. Neustadt"]
[Date "2006.02.26"]
[Round "9.3"]
[White "Franzen, Jozef"]
[Black "Schroll, Gerhard"]
[Result "0-1"]
[WhiteElo "2379"]
[BlackElo "2362"]
[PlyCount "94"]
[EventDate "2005.10.08"]

1. g3 f5 2. Bg2 Nf6 3. Nf3 g6 4. b3 Bg7 5. Bb2 O-O 6. O-O d6 7. d4 c6 8. c4 a5
9. Nc3 Na6 10. Qc2 Qc7 11. e4 Nb4 12. Qe2 fxe4 13. Nxe4 Nxe4 14. Qxe4 Bf5 15.
Qe2 Qd7 16. Ne1 Rae8 17. a3 Na6 18. Nd3 Qc7 19. Rad1 e5 20. dxe5 dxe5 21. Nc1
Nc5 22. Bc3 Ne6 23. Qd2 Rd8 24. Qe1 Nd4 25. Bxa5 b6 26. Bc3 Bg4 27. Rd3 Ne2+
28. Kh1 Rxd3 29. Nxd3 Nxc3 30. Qxc3 e4 31. Qc2 exd3 32. Qxd3 Re8 33. Be4 Bh3
34. Re1 Kh8 35. f3 Bf5 36. Kg2 Bf6 37. h4 Kg7 38. Re2 Bxe4 39. fxe4 Rd8 40. Qf3
Be5 41. Rf2 Qe7 42. b4 h5 43. Qe2 Qe6 44. Rf1 Qg4 45. Qe3 Rd4 46. Rf4 Qd7 47.
Rf2 Rd3 0-1

[Event "Aut_2. Bundesliga Ost 2005/06"]
[Site "Wr. Neustadt"]
[Date "2006.02.26"]
[Round "9.3"]
[White "Knoflicek, Ctibor"]
[Black "Wiedner, Robert"]
[Result "1/2-1/2"]
[WhiteElo "2192"]
[BlackElo "2181"]
[PlyCount "33"]
[EventDate "2005.10.08"]

1. Nf3 g6 2. c4 Bg7 3. e4 d6 4. d4 Nd7 5. Nc3 e5 6. Be2 exd4 7. Nxd4 Ngf6 8.
O-O Nc5 9. f3 O-O 10. Kh1 Re8 11. Bg5 h6 12. Bh4 Ne6 13. Nxe6 Bxe6 14. Nd5 Bxd5
15. cxd5 g5 16. Bf2 Nh5 17. Bd4 1/2-1/2

[Event "Aut_2. Bundesliga Ost 2005/06"]
[Site "Wr. Neustadt"]
[Date "2006.02.26"]
[Round "9.3"]
[White "Zielbauer, Thomas"]
[Black "Chulis, Alexander"]
[Result "0-1"]
[WhiteElo "2105"]
[BlackElo "2157"]
[PlyCount "48"]
[EventDate "2005.10.08"]

1. e4 e5 2. Nf3 Nc6 3. Bc4 Bc5 4. c3 Nf6 5. d4 exd4 6. cxd4 Bb4+ 7. Nc3 Nxe4 8.
O-O Bxc3 9. d5 Bf6 10. Re1 Ne7 11. Rxe4 d6 12. Bg5 Bxg5 13. Nxg5 h6 14. Qe2
hxg5 15. Re1 Be6 16. dxe6 f6 17. Re3 c6 18. Rh3 Rxh3 19. gxh3 g6 20. Qf3 Qa5
21. Re2 Qf5 22. Qc3 O-O-O 23. Bd3 Qxh3 24. Re3 Qg4+ 0-1

[Event "Aut_2. Bundesliga Ost 2005/06"]
[Site "Wr. Neustadt"]
[Date "2006.02.26"]
[Round "9.4"]
[White "Wippermann, Till"]
[Black "Groetz, Harald"]
[Result "0-1"]
[WhiteElo "2446"]
[BlackElo "2325"]
[PlyCount "78"]
[EventDate "2005.10.08"]

1. e4 c5 2. Nc3 a6 3. f4 b5 4. g3 Bb7 5. Bg2 e6 6. Qe2 Nc6 7. d3 Nd4 8. Qf2 Nf6
9. h3 b4 10. Nd1 d6 11. Ne3 Be7 12. Ne2 Qc7 13. O-O Rc8 14. b3 Nd7 15. a3 Bf6
16. Ra2 O-O 17. Kh1 Nxe2 18. Qxe2 Bd4 19. f5 d5 20. exd5 Qxg3 21. Qg4 Qxg4 22.
hxg4 Bxe3 23. Bxe3 Bxd5 24. Bxd5 exd5 25. axb4 cxb4 26. Rf4 Rfe8 27. Bg1 Re2
28. Rxb4 Ne5 29. Bh2 Nxd3 30. Rd4 Nf2+ 31. Kg1 Nh3+ 32. Kh1 Nf2+ 33. Kg1 Nh3+
34. Kh1 h6 35. Bg3 Rc3 36. Bh4 Rf3 37. Ra1 Rxc2 38. Rad1 Nf4 39. Bg3 Ne2 0-1

[Event "Aut_2. Bundesliga Ost 2005/06"]
[Site "Wr. Neustadt"]
[Date "2006.02.26"]
[Round "9.4"]
[White "Hangweyrer, Manfred"]
[Black "Plachetka, Jan"]
[Result "1-0"]
[WhiteElo "2332"]
[BlackElo "2439"]
[PlyCount "63"]
[EventDate "2005.10.08"]

1. e4 c5 2. Nc3 Nc6 3. f4 g6 4. Nf3 Bg7 5. Bb5 d6 6. O-O Nh6 7. d3 f5 8. Qe1
O-O 9. Bxc6 bxc6 10. Rb1 Rb8 11. Bd2 Nf7 12. b4 Qc7 13. Na4 Nd8 14. Qh4 Ne6 15.
Rbe1 Bf6 16. Qg3 Nd4 17. e5 Bg7 18. c3 Nxf3+ 19. Rxf3 c4 20. dxc4 dxe5 21. fxe5
c5 22. e6 Rb7 23. Bf4 Qc6 24. Qf2 Rd8 25. Qxc5 Qe8 26. Qe3 Qc6 27. Nc5 Rb6 28.
Be5 Bxe5 29. Qxe5 Qd6 30. Rd3 Qxd3 31. Nxd3 Rxe6 32. Qc7 1-0

[Event "Aut_2. Bundesliga Ost 2005/06"]
[Site "Wr. Neustadt"]
[Date "2006.02.26"]
[Round "9.4"]
[White "Beckhuis, Gernod"]
[Black "Sadilek, Maximilian"]
[Result "0-1"]
[WhiteElo "2328"]
[BlackElo "2141"]
[PlyCount "54"]
[EventDate "2005.10.08"]

1. Nf3 d5 2. d4 Nc6 3. Bf4 Bf5 4. e3 e6 5. Be2 Bd6 6. O-O Nge7 7. Nbd2 Bxf4 8.
exf4 h6 9. c3 g5 10. fxg5 Ng6 11. gxh6 Rxh6 12. Re1 Qf6 13. Bf1 O-O-O 14. Re3
Rdh8 15. g3 Bg4 16. Qe1 Nce7 17. Bg2 Nf5 18. Rd3 Bh3 19. Bxh3 Rxh3 20. Kf1
Nxg3+ 21. hxg3 Rh1+ 22. Ng1 Qf5 23. Ke2 e5 24. dxe5 Nxe5 25. Re3 Ng4 26. Ndf3
Nxe3 27. fxe3 R8h2+ 0-1

[Event "Aut_2. Bundesliga Ost 2005/06"]
[Site "Wr. Neustadt"]
[Date "2006.02.26"]
[Round "9.4"]
[White "Schmid, Thomas"]
[Black "Staudner, Oliver"]
[Result "1/2-1/2"]
[WhiteElo "2117"]
[BlackElo "2380"]
[PlyCount "52"]
[EventDate "2005.10.08"]

1. e4 e6 2. d4 d5 3. Nd2 c5 4. exd5 exd5 5. Ngf3 a6 6. Be2 Nc6 7. O-O c4 8. b3
b5 9. c3 Bd6 10. a4 Bf5 11. Re1 Nge7 12. Nf1 O-O 13. Ne3 Bd7 14. Ba3 Qc7 15.
Bxd6 Qxd6 16. axb5 axb5 17. b4 Qc7 18. Qc2 h6 19. Ra2 Ra7 20. Rea1 Rfa8 21. Qb2
Be6 22. Ra3 Nc8 23. Nd2 Nb6 24. Rxa7 Rxa7 25. Bd1 Qb7 26. Nb1 Nd7 1/2-1/2

[Event "Aut_2. Bundesliga Ost 2005/06"]
[Site "Wr. Neustadt"]
[Date "2006.02.26"]
[Round "9.4"]
[White "Vokroj, Rene"]
[Black "Schirmbeck, Hannes"]
[Result "1-0"]
[WhiteElo "2303"]
[BlackElo "2120"]
[PlyCount "67"]
[EventDate "2005.10.08"]

1. Nf3 c5 2. e4 d6 3. d4 cxd4 4. Nxd4 Nf6 5. Nc3 a6 6. Bg5 e6 7. f4 Qb6 8. Qd2
Qxb2 9. Nb3 Nc6 10. Bxf6 gxf6 11. Be2 Qa3 12. f5 h5 13. fxe6 fxe6 14. O-O Bd7
15. Rxf6 Be7 16. Rh6 Rxh6 17. Qxh6 O-O-O 18. Bxh5 Qb4 19. Qg7 Rf8 20. Rd1 Qb6+
21. Kh1 Qf2 22. h3 Bh4 23. Ne2 e5 24. Nd2 Qf6 25. Qxf6 Rxf6 26. g3 Bg5 27. Kg2
Nd4 28. Nxd4 exd4 29. h4 Be3 30. Bf3 Kd8 31. Nb3 Bh3+ 32. Kxh3 Rxf3 33. Nxd4
Rf7 34. Nf5 1-0

[Event "Aut_2. Bundesliga Ost 2005/06"]
[Site "Wr. Neustadt"]
[Date "2006.02.26"]
[Round "9.5"]
[White "Petran, Peter"]
[Black "Zwettler, Martin"]
[Result "1-0"]
[WhiteElo "2342"]
[BlackElo "2218"]
[PlyCount "71"]
[EventDate "2005.10.08"]

1. g3 d5 2. Bg2 Nf6 3. d3 e6 4. Nd2 Be7 5. e4 c5 6. c3 Nc6 7. Ngf3 O-O 8. O-O
b6 9. Re1 a5 10. exd5 exd5 11. Nf1 Be6 12. h3 h6 13. Be3 Qd7 14. Kh2 d4 15.
cxd4 cxd4 16. Bf4 Rac8 17. a3 Bd6 18. Bxd6 Qxd6 19. N1d2 Bd5 20. Ne4 Bxe4 21.
dxe4 Rfe8 22. Nh4 Nd7 23. f4 g6 24. e5 Qf8 25. Bd5 Qg7 26. Rc1 Ne7 27. Rxc8
Rxc8 28. Be4 Nc5 29. Qxd4 Nc6 30. Qc4 Nxe4 31. Qxe4 Nd8 32. f5 gxf5 33. Nxf5
Qf8 34. Re2 Rc1 35. Qe3 Qc5 36. Nxh6+ 1-0

[Event "Aut_2. Bundesliga Ost 2005/06"]
[Site "Wr. Neustadt"]
[Date "2006.02.26"]
[Round "9.5"]
[White "Hangweyrer, Roman"]
[Black "Brod, Manfred"]
[Result "1/2-1/2"]
[WhiteElo "2193"]
[BlackElo "2266"]
[PlyCount "103"]
[EventDate "2005.10.08"]

1. c4 c5 2. Nf3 Nc6 3. d4 cxd4 4. Nxd4 f5 5. Nc3 g6 6. e4 fxe4 7. Be2 Nf6 8.
Be3 d6 9. g4 Ne5 10. h3 Nd3+ 11. Bxd3 exd3 12. Qxd3 Bg7 13. O-O-O Bd7 14. f4
Qa5 15. g5 Nh5 16. c5 O-O 17. Nb3 Qd8 18. cxd6 Bf5 19. Qd5+ Kh8 20. dxe7 Qxe7
21. Bc5 Qc7 22. Bd6 Qb6 23. Be5 Be6 24. Bxg7+ Nxg7 25. Qd4 Bxb3 26. axb3 Qxd4
27. Rxd4 Ne6 28. Rd7 Rad8 29. Rhd1 Rxd7 30. Rxd7 Rxf4 31. Rxb7 Nxg5 32. Rxa7
Nxh3 33. Nd5 Rf5 34. Ne3 Rb5 35. Kc2 h5 36. Kc3 Nf4 37. b4 Re5 38. Nc4 Rb5 39.
Ra5 Rb8 40. b5 h4 41. b6 h3 42. Kb4 g5 43. Kb5 g4 44. Ne5 g3 45. Nf3 Nd5 46.
Kc6 Rxb6+ 47. Kxd5 Rxb2 48. Ke4 h2 49. Rh5+ Kg7 50. Nxh2 Rxh2 51. Rg5+ Kf6 52.
Rxg3 1/2-1/2

[Event "Aut_2. Bundesliga Ost 2005/06"]
[Site "Wr. Neustadt"]
[Date "2006.02.26"]
[Round "9.5"]
[White "Riedner, Martin"]
[Black "Vykydal, Frantisek"]
[Result "1-0"]
[WhiteElo "2233"]
[BlackElo "2258"]
[PlyCount "123"]
[EventDate "2005.10.08"]

1. d4 Nf6 2. c4 d6 3. Nf3 Bg4 4. Nc3 Nbd7 5. g3 e5 6. Bg2 Bxf3 7. Bxf3 c6 8.
O-O Be7 9. e3 O-O 10. b3 Ne8 11. Rb1 a5 12. b4 axb4 13. Rxb4 Ra7 14. Rb1 Nc7
15. d5 Qa8 16. e4 Nc5 17. Be3 Ra5 18. Rb2 Qa6 19. Be2 Qa8 20. Qb1 N7a6 21. Rd1
Ra3 22. Qc2 Rxc3 23. Qxc3 Na4 24. Qc2 Nxb2 25. Qxb2 Rb8 26. a4 c5 27. Bd2 Bd8
28. Bc3 Bc7 29. f4 f6 30. Rf1 Rf8 31. fxe5 fxe5 32. Rxf8+ Kxf8 33. Bg4 b6 34.
Be6 Qe8 35. Kg2 Bd8 36. h4 h6 37. Bc8 Nc7 38. Qxb6 Nxd5 39. Qb3 Ne7 40. Bb7 Ng8
41. a5 Qe7 42. Bc6 Qa7 43. Qa4 Ne7 44. a6 Nc8 45. Bb7 Nb6 46. Qb5 Ke7 47. Ba5
Bc7 48. h5 Na8 49. Bd2 Nb6 50. Be3 Na8 51. Bc1 Nb6 52. g4 Nd7 53. Be3 Nf6 54.
Qc6 Bd8 55. g5 hxg5 56. Bxg5 Qb6 57. Qxb6 Bxb6 58. Bd5 Ba7 59. Kf3 Bb8 60. Ke2
Kf8 61. Bxf6 gxf6 62. h6 1-0

[Event "Aut_2. Bundesliga Ost 2005/06"]
[Site "Wr. Neustadt"]
[Date "2006.02.26"]
[Round "9.5"]
[White "Wutzlhofer, Robert"]
[Black "Janetschek, Karl"]
[Result "0-1"]
[WhiteElo "2080"]
[BlackElo "2310"]
[PlyCount "104"]
[EventDate "2005.10.08"]

1. d4 d6 2. c4 e5 3. dxe5 dxe5 4. Qxd8+ Kxd8 5. e4 Bb4+ 6. Bd2 Bxd2+ 7. Nxd2
Be6 8. O-O-O Nd7 9. Ne2 c6 10. Nc3 f6 11. f3 Kc7 12. Be2 Ne7 13. b3 Rhd8 14.
Nf1 Ng6 15. g3 Ngf8 16. Ne3 Bg8 17. Kb2 Ne6 18. Nc2 a5 19. Rd2 Ndc5 20. Rhd1
Rxd2 21. Rxd2 g6 22. Bf1 Ng5 23. Ne1 Rd8 24. Rxd8 Kxd8 25. h4 Nge6 26. Nc2 Bf7
27. a3 Nd4 28. Nxd4 exd4 29. Nd1 h6 30. Nf2 Be6 31. Kc2 g5 32. Bh3 Ke7 33. Bxe6
Nxe6 34. b4 axb4 35. axb4 gxh4 36. gxh4 b6 37. Nd3 Kd6 38. f4 c5 39. f5 Ng7 40.
bxc5+ bxc5 41. Kd2 Nh5 42. Ke2 Ng3+ 43. Kf3 Nf1 44. Kg4 Ne3+ 45. Kh5 Nxc4 46.
Kxh6 Ne5 47. Kg7 Nxd3 48. h5 Ne5 49. h6 Ke7 50. h7 Nf7 51. e5 fxe5 52. f6+ Ke6
0-1

[Event "Aut_2. Bundesliga Ost 2005/06"]
[Site "Wr. Neustadt"]
[Date "2006.02.26"]
[Round "9.6"]
[White "Weissenbeck, Manuel"]
[Black "Miniboeck, Guenter"]
[Result "1/2-1/2"]
[WhiteElo "2278"]
[BlackElo "2351"]
[PlyCount "51"]
[EventDate "2005.10.08"]

1. d4 Nf6 2. c4 e6 3. Nf3 b6 4. g3 Ba6 5. b3 Bb4+ 6. Bd2 Be7 7. Bg2 c6 8. Bc3
d5 9. Ne5 Nfd7 10. Nxd7 Nxd7 11. Nd2 O-O 12. O-O Nf6 13. e4 b5 14. Re1 dxe4 15.
Rc1 Rb8 16. cxb5 cxb5 17. Nxe4 Nxe4 18. Bxe4 Bb7 19. Bxb7 Rxb7 20. d5 exd5 21.
Qg4 Bf6 22. Bxf6 Qxf6 23. Rc8 Rb8 24. Rxb8 Rxb8 25. Qd7 g6 26. Qxd5 1/2-1/2

[Event "Aut_2. Bundesliga Ost 2005/06"]
[Site "Wr. Neustadt"]
[Date "2006.02.26"]
[Round "9.6"]
[White "Pichler, Michael"]
[Black "Brandner, Stefan"]
[Result "0-1"]
[WhiteElo "2185"]
[BlackElo "2335"]
[PlyCount "78"]
[EventDate "2005.10.08"]

1. e4 e5 2. Nf3 Nc6 3. Nc3 Nf6 4. d4 exd4 5. Nxd4 Bb4 6. Nxc6 bxc6 7. Bd3 d5 8.
exd5 cxd5 9. O-O O-O 10. Bg5 c6 11. Qf3 Bd6 12. Rfe1 Rb8 13. Na4 Rb4 14. b3 Rg4
15. Bxf6 Qxf6 16. Qxf6 gxf6 17. Rad1 Kh8 18. c4 Rfg8 19. g3 h5 20. cxd5 cxd5
21. Be2 R4g5 22. Bf3 Be6 23. Rd4 Kg7 24. Red1 Be5 25. Rh4 Kh6 26. Bg2 Rg4 27.
Rxg4 hxg4 28. Bxd5 Rd8 29. Bf3 Rc8 30. Bd5 Rc2 31. Bxe6 fxe6 32. Kf1 Kg6 33.
Re1 Rxa2 34. Nc5 Bd4 35. Nd3 e5 36. Re2 Ra1+ 37. Re1 Ra3 38. Rb1 Ra2 39. Re1
Rd2 0-1